000 00744nam a2200217Ia 4500
001 9476
003 GE_BSU
008 181216s||||||||xx |||||||||||||| ||und||
020 _a9789941054167
040 _cGE_BSU
080 _a553.982.2(479.22)+665.7
100 _aშენგელია,დიმიტრი
245 _aსაქართველოს ნავთობი და ნავთობქიმია
245 _cსამეცნ.რედ. შ.სიდამონიძე
260 _aთბილისი
260 _c2013
300 _a251გვ.29სმ.
541 _h30ლ.
653 _aსაქართველოს ნავთობი და ნავთობქიმია
942 _cBK
999 _c42770
_d42770